Statistics for "DIS" Vocabulary Quiz 1 - Tricky

Click here to take the quiz!

General Stats

  • This quiz has been taken 39 times
  • The average score is 9 of 20

Answer Stats

HintAnswer% Correct
Vanish from sightDisappear
97%
A thin, flat, circular objectDisc
94%
To differ in opinionDisagree
84%
To take apartDisassemble
75%
To break up an organisation or (musical) groupDisband
75%
CalamityDisaster
66%
To not permit somethingDisallow
59%
Failure to fulfill expectationsDisappoint
59%
In a state of confusion, disorder, unkempt in appearanceDisarray
59%
To disown or deny knowledge ofDisavow
56%
Impaired, incapacitated or injured, either physically or mentallyDisabled
41%
Removing hostility through charm, good naturednessDisarming
34%
Refusal to accept something as trueDisbelieve
34%
To free someone from deception or a misconceptionDisabuse
22%
To remove the connection with someone or thing, usually to avoid blameDisassociate
22%
To pay, distribute or scatterDisburse
13%
To remove other possible meanings, like Wikipedia doesDisambiguate
9%
A condemnatory statement, look or feeling, to censure, decline to sanctionDisapprove
9%
Unfavourable circumstance or conditionDisadvantage
6%
Disloyal, discontent with authorityDisaffected
6%

Score Distribution

Percentile by Number Answered

Percent of People with Each Score

Your Score History

You have not taken this quiz